[Event "37th Belgrade Trophy 2024"]
[Site "Belgrade"]
[Date "2024.11.23"]
[Round "3"]
[White "Atalik, Suat"]
[Black "Khaleev, Timofey D"]
[Result "1/2-1/2"]
[WhiteElo "2420"]
[BlackElo "1743"]
[Annotator "TA"]
[PlyCount "96"]
[EventDate "2024.11.23"]
[EventCountry "SRB"]
[SourceTitle "playchess.com"]
[Source "ChessBase"]
[SourceQuality "1"]

{[%evp 16,96,26,13,26,26,32,27,47,28,35,30,15,14,14,12,24,16,28,15,4,5,8,16,9,20,26,26,35,13,9,-7,-9,-4,0,0,0,0,7,0,3,8,5,0,2,0,0,0,0,0,0,0,0,0,0,0,0,0,0,0,0,0,4,4,4,4,4,0,0,0,0,0,0,0,0,0,0,0,0,0,0,0,54]} 1. d4 d5 2. c4 c6 3. Nf3 Nf6 4. Nc3 e6 5. g3 Nbd7 6. Qd3 Be7 7. Bg2 O-O 8. O-O b6 9. b3 Bb7 10. Rd1 c5 11. cxd5 Nxd5 {White has an edge.} 12. Nxd5 Bxd5 13. e4 Bb7 14. Qe2 Qe8 15. Bb2 cxd4 16. Nxd4 Nc5 17. Nb5 Rd8 18. Rxd8 Qxd8 19. Rd1 Qb8 20. b4 Na4 {[%cal Oa4b2]} 21. Ba1 a6 {[#]} 22. Qg4 $1 {[%csl Ga1][%cal Rg4g7]} e5 $1 {The position is equal.} 23. Nc3 (23. Nd4 {seems wilder.} exd4 24. Bxd4 g6 25. Qd7) 23... Nxc3 24. Bxc3 Bf6 25. Qe2 Rd8 26. h4 Qc7 27. Rxd8+ Bxd8 28. Qd3 {[%cal Oc3e5] next Bxe5! is good for White.} Be7 29. Bd2 Qd6 30. Qxd6 Bxd6 $11 {[%mdl 4096] Endgame. KBB-KBB} 31. f3 Kf8 32. Bf1 b5 33. Bh3 h5 34. g4 hxg4 35. Bxg4 Ke7 36. Kf2 Kd8 37. h5 Bc8 38. Kg3 Be6 39. Bxe6 fxe6 {KB-KB} 40. Kg4 {[#] Kg5 is the strong threat.} Ke7 41. a3 {aiming for f4.} Kf7 42. Be3 Bc7 43. Bc5 Bb8 44. Bb6 Bd6 45. Ba7 Bc7 46. Bc5 Bb8 47. Bb6 Bd6 48. Kg5 (48. Bf2 $11) 48... Be7+ {Weighted Error Value: White=0.02 (flawless) /Black=0.02 (flawless) .  Mistake:       	White=1     	---        OK:         	White=16    	Black=18     Strong:       	---       	Black=1} 1/2-1/2

[Event "37th Belgrade Trophy 2024"]
[Site "Belgrade"]
[Date "2024.11.23"]
[Round "3"]
[White "Divljan, Igor"]
[Black "Vukas, Radenko"]
[Result "1-0"]
[WhiteElo "2221"]
[BlackElo "1974"]
[Annotator "RC"]
[PlyCount "143"]
[EventDate "2024.11.23"]
[EventCountry "SRB"]
[SourceTitle "playchess.com"]
[Source "ChessBase"]
[SourceQuality "1"]

1. d4 d5 2. Bf4 e6 3. Nc3 Bd6 4. e3 Bxf4 5. exf4 Nf6 6. Nf3 Nbd7 7. h4 c5 8. dxc5 Nxc5 9. Qd4 Qb6 10. h5 h6 11. O-O-O O-O 12. Bd3 Nxd3+ 13. Rxd3 Qxd4 14. Rxd4 Rd8 15. Ne5 Ne8 16. g4 Nd6 17. Rhd1 Re8 18. f3 f6 19. Ng6 f5 20. g5 Nf7 21. Rg1 Bd7 22. gxh6 Nxh6 23. Rd2 Kh7 24. Rdg2 Rad8 25. Ne2 Ng8 26. Nd4 Nf6 27. Ne5 Re7 28. Ng6 Rf7 29. Ne5 Re7 30. Ng6 Rf7 31. Rh2 Rc8 32. Ne5 Re7 33. Ng6 Rf7 34. Re1 Re8 35. Reh1 Ng8 36. Ne5 Rfe7 37. Ng6 Rf7 38. Ne5 Rfe7 39. Re2 Nf6 40. Ng6 Rf7 41. Ne5 Rfe7 42. Nxd7 Rxd7 43. Rxe6 Rxe6 44. Nxe6 Kh6 45. Nd4 Nxh5 46. Nxf5+ Kg6 47. Nh4+ Kf6 48. f5 Ng3 49. Rh3 Nxf5 50. Nxf5 Kxf5 51. Kd2 Re7 52. Rh8 g5 53. Rf8+ Kg6 54. Kd3 Rf7 55. Rg8+ Kf5 56. Kd4 Ke6 57. Rxg5 Rxf3 58. Rg7 Rf4+ 59. Kc3 Rf3+ 60. Kb4 Rf6 61. Kb3 Rf7 62. Rxf7 Kxf7 63. Kb4 Ke6 64. Kc5 Ke5 65. c3 Ke6 66. a4 Ke5 67. a5 Ke4 68. Kd6 Kd3 69. Kxd5 Kc2 70. c4 Kxb2 71. c5 a6 72. c6 1-0

[Event "37th Belgrade Trophy 2024"]
[Site "Belgrade"]
[Date "2024.11.23"]
[Round "3"]
[White "Simbelov, Roman T."]
[Black "Bjelanovic, Mile"]
[Result "1-0"]
[WhiteElo "2196"]
[BlackElo "2041"]
[Annotator "RC"]
[PlyCount "99"]
[EventDate "2024.11.23"]
[EventCountry "SRB"]
[SourceTitle "playchess.com"]
[Source "ChessBase"]
[SourceQuality "1"]

1. e4 c5 2. Nf3 d6 3. d4 cxd4 4. Nxd4 Nf6 5. Nc3 a6 6. h3 e5 7. Nde2 h5 8. g3 Be7 9. a4 Be6 10. Bg2 Nbd7 11. O-O Rc8 12. b3 h4 13. g4 Nxg4 14. hxg4 Bxg4 15. f3 Be6 16. Kh2 Nf6 17. Be3 Nh5 18. Qd2 Ng3 19. Rfe1 h3 20. Nxg3 hxg2+ 21. Kxg2 Bh3+ 22. Kf2 Bh4 23. Nce2 Qf6 24. Rg1 Bg4 25. Raf1 Qxf3+ 26. Ke1 Qxe4 27. Kd1 Bxg3 28. Rxg3 f5 29. Bg1 Bxe2+ 30. Qxe2 Qxe2+ 31. Kxe2 O-O 32. c4 Rf6 33. Kd3 Kf7 34. a5 Re8 35. Rg5 g6 36. b4 Rh8 37. b5 Rh3+ 38. Kc2 Rh4 39. Kb3 Rh3+ 40. Kb4 Rh4 41. Bf2 Rf4 42. Rh1 Rxf2 43. Rh7+ Ke8 44. Rxb7 axb5 45. cxb5 Kd8 46. a6 Kc8 47. Rg3 Ra2 48. Rh3 Rf8 49. Rc3+ Kd8 50. a7 1-0

[Event "37th Belgrade Trophy 2024"]
[Site "Belgrade"]
[Date "2024.11.23"]
[Round "3"]
[White "Popovic, Dragan B"]
[Black "Milanko, Nikola"]
[Result "1/2-1/2"]
[WhiteElo "2185"]
[BlackElo "1935"]
[Annotator "RC"]
[PlyCount "110"]
[EventDate "2024.11.23"]
[EventCountry "SRB"]
[SourceTitle "playchess.com"]
[Source "ChessBase"]
[SourceQuality "1"]

1. e4 e6 2. d4 d5 3. Nc3 dxe4 4. Nxe4 Nd7 5. Nf3 Ngf6 6. Nxf6+ Nxf6 7. Ne5 Nd7 8. Nc4 Be7 9. Bf4 Bg5 10. Bg3 Bh4 11. Bd3 b6 12. Qf3 Rb8 13. Qf4 Bxg3 14. hxg3 Bb7 15. f3 Bd5 16. Ne3 Nf6 17. g4 Qd6 18. Qxd6 cxd6 19. g5 Nd7 20. Nxd5 exd5 21. Kd2 Nf8 22. f4 Ne6 23. Ke3 g6 24. g3 Kf8 25. c3 Kg7 26. Bc2 Rbe8 27. Kf2 Nc7 28. Rae1 Rxe1 29. Rxe1 Re8 30. Rh1 Re7 31. g4 Kg8 32. Kf3 Kg7 33. f5 Kg8 34. Kf2 Re8 35. Rh6 Kg7 36. Rh2 Kg8 37. Rh3 Kg7 38. Rh4 Kg8 39. Rh6 Kg7 40. a3 Rd8 41. Rh3 Re8 42. Rh2 Kg8 43. Ba4 Re4 44. Kf3 Re1 45. Re2 Rxe2 46. Kxe2 Kf8 47. Ke3 Ke7 48. Bc6 Kf8 49. Kf4 Ke7 50. Kf3 Kf8 51. Kg3 Ke7 52. Kh4 Kf8 53. f6 Kg8 54. Bd7 Kf8 55. Kg3 Kg8 1/2-1/2

[Event "37th Belgrade Trophy 2024"]
[Site "Belgrade"]
[Date "2024.11.23"]
[Round "3"]
[White "Li, Bo"]
[Black "Zmijanac, Dusko"]
[Result "1-0"]
[WhiteElo "2183"]
[BlackElo "2033"]
[Annotator "RC"]
[PlyCount "61"]
[EventDate "2024.11.23"]
[EventCountry "SRB"]
[SourceTitle "playchess.com"]
[Source "ChessBase"]
[SourceQuality "1"]

1. d4 c5 2. d5 Nf6 3. Nc3 g6 4. e4 d6 5. Bg5 Bg7 6. Qd2 h6 7. Bf4 a6 8. a4 g5 9. Bg3 Nh5 10. Nge2 Nd7 11. h4 Ndf6 12. e5 Ng4 13. e6 fxe6 14. hxg5 Nxg3 15. Nxg3 Bd4 16. Nd1 exd5 17. gxh6 Be6 18. Bd3 Ne5 19. Be2 Nf7 20. Bf3 Qd7 21. Ne2 Be5 22. Bxd5 O-O-O 23. Ne3 Nxh6 24. Nc4 Ng4 25. Nb6+ Kc7 26. Nxd7 Rxd7 27. Ng1 Rxh1 28. O-O-O Bg7 29. Qa5+ b6 30. Qxb6+ Kxb6 31. Bf3 1-0

[Event "37th Belgrade Trophy 2024"]
[Site "Belgrade"]
[Date "2024.11.23"]
[Round "3"]
[White "Veleski, Robert"]
[Black "Maric, Dragan"]
[Result "1/2-1/2"]
[WhiteElo "2093"]
[BlackElo "1937"]
[Annotator "RC"]
[PlyCount "135"]
[EventDate "2024.11.23"]
[EventCountry "SRB"]
[SourceTitle "playchess.com"]
[Source "ChessBase"]
[SourceQuality "1"]

1. c4 e5 2. Nc3 Nc6 3. g3 f5 4. Bg2 Nf6 5. e3 Bb4 6. Nge2 O-O 7. O-O d6 8. d3 Be6 9. Nd5 Ba5 10. d4 Bf7 11. a3 Nxd5 12. cxd5 Ne7 13. dxe5 dxe5 14. b4 Bb6 15. a4 a5 16. bxa5 Rxa5 17. Bd2 Ra8 18. Bb4 Ba5 19. Ba3 Re8 20. Rb1 Nxd5 21. Qc2 Bb6 22. e4 Nf6 23. Rbd1 Qc8 24. exf5 e4 25. Nd4 Qd7 26. Ne6 Qxa4 27. Qxa4 Rxa4 28. Bb2 Bxe6 29. fxe6 Rxe6 30. Rd8+ Kf7 31. Bh3 Rd6 32. Rxd6 cxd6 33. Bc8 Ra2 34. Rb1 Bc5 35. Bxb7 e3 36. fxe3 Bxe3+ 37. Kf1 Ke6 38. Bc8+ Ke7 39. Bb7 Ng4 40. h3 Ne5 41. Bd5 Ra5 42. Be4 h6 43. Ke2 Bc5 44. g4 Ke6 45. Bf5+ Kf6 46. Be4 Kg5 47. Bxe5 dxe5 48. Rb7 Kf4 49. Bc6 g6 50. Rf7+ Kg5 51. Kd3 Ra3+ 52. Kc4 Bd4 53. Rf3 Rxf3 54. Bxf3 Kf4 55. Bd5 Kg3 56. Bf7 Kxh3 57. Bxg6 Kxg4 58. Kd3 h5 59. Ke2 h4 60. Kf1 h3 61. Be8 Kf3 62. Bd7 Kg3 63. Bc6 Kg4 64. Bb7 Bc5 65. Bc6 Bb6 66. Bd7+ Kh4 67. Bc6 Kg3 68. Bb7 1/2-1/2

[Event "37th Belgrade Trophy 2024"]
[Site "Belgrade"]
[Date "2024.11.23"]
[Round "3"]
[White "Kerner, Michael"]
[Black "Taskovic, Stefan"]
[Result "1-0"]
[WhiteElo "2086"]
[BlackElo "1911"]
[Annotator "RC"]
[PlyCount "55"]
[EventDate "2024.11.23"]
[EventCountry "SRB"]
[SourceTitle "playchess.com"]
[Source "ChessBase"]
[SourceQuality "1"]
[TimeControl "40/5400+30:900+30"]

1. e4 e5 2. Nf3 Nf6 3. Nxe5 d6 4. Nf3 Nxe4 5. d4 d5 6. Bd3 Bd6 7. O-O O-O 8. c4 c6 9. Nc3 Nxc3 10. bxc3 dxc4 11. Bxc4 Bf5 12. Re1 Nd7 13. Bg5 Qa5 14. Nh4 Be6 15. Bxe6 Qxg5 16. Nf3 Qd8 17. Bb3 Qf6 18. a4 a5 19. Ra2 b5 20. Qd3 b4 21. Rae2 Nb6 22. cxb4 axb4 23. Ne5 c5 24. dxc5 Bxc5 25. Qb5 Bd6 26. Nxf7 Rxf7 27. Qxb6 Kf8 28. Re6 1-0

[Event "37th Belgrade Trophy 2024"]
[Site "Belgrade"]
[Date "2024.11.23"]
[Round "3"]
[White "Poleksic, Dusan"]
[Black "Javadov, Habil"]
[Result "1/2-1/2"]
[WhiteElo "1998"]
[BlackElo "2190"]
[Annotator "RC"]
[PlyCount "34"]
[EventDate "2024.11.23"]
[EventCountry "SRB"]
[SourceTitle "playchess.com"]
[Source "ChessBase"]
[SourceQuality "1"]

1. d4 e6 2. e4 d5 3. Nd2 dxe4 4. Nxe4 Nd7 5. Nf3 Ngf6 6. Nxf6+ Nxf6 7. Bd3 c5 8. dxc5 Qa5+ 9. Bd2 Qxc5 10. O-O Be7 11. Qe2 O-O 12. Ne5 b6 13. Bg5 Bb7 14. Rae1 Rad8 15. Kh1 h6 16. f4 Rfe8 17. a3 a5 1/2-1/2

[Event "37th Belgrade Trophy 2024"]
[Site "Belgrade"]
[Date "2024.11.23"]
[Round "3"]
[White "Radosavljevic, Vukasin"]
[Black "Triantafilidis, Mihail"]
[Result "0-1"]
[WhiteElo "1971"]
[BlackElo "2200"]
[Annotator "RC"]
[PlyCount "97"]
[EventDate "2024.11.23"]
[EventCountry "SRB"]
[SourceTitle "playchess.com"]
[Source "ChessBase"]
[SourceQuality "1"]

1. c4 Nf6 2. Nc3 g6 3. g3 Bg7 4. Bg2 c5 5. d3 O-O 6. e4 d6 7. Nge2 Nc6 8. O-O Rb8 9. h3 a6 10. a4 Ne8 11. f4 Nc7 12. Be3 Ne6 13. f5 Ned4 14. g4 b5 15. axb5 axb5 16. cxb5 Nxb5 17. Rb1 Nbd4 18. Nd5 e6 19. f6 Bh8 20. Bxd4 exd5 21. exd5 Nxd4 22. Nxd4 cxd4 23. g5 Re8 24. h4 h6 25. Be4 Re5 26. Qd2 Qd7 27. Rf2 Qg4+ 28. Rg2 Qxh4 29. Rf1 Rxg5 30. Rxg5 Qxg5+ 31. Qxg5 hxg5 32. Rf2 Bd7 33. Kg2 Kf8 34. Kg3 Re8 35. Rf1 Re5 36. b4 Re8 37. b5 Rb8 38. Bg2 Rxb5 39. Rf2 Rb8 40. Bh3 Bxh3 41. Kxh3 Re8 42. Kg4 Re5 43. Rf1 Rxd5 44. Rf2 Ke8 45. Re2+ Re5 46. Rxe5+ dxe5 47. Kxg5 Kd7 48. Kh6 Bxf6 49. Kh7 0-1

[Event "37th Belgrade Trophy 2024"]
[Site "Belgrade"]
[Date "2024.11.23"]
[Round "3"]
[White "Pihajlic, Amalija"]
[Black "Pavlovic, Luka"]
[Result "0-1"]
[WhiteElo "1934"]
[BlackElo "2088"]
[Annotator "RC"]
[PlyCount "69"]
[EventDate "2024.11.23"]
[EventCountry "SRB"]
[SourceTitle "playchess.com"]
[Source "ChessBase"]
[SourceQuality "1"]

1. e4 c5 2. d4 cxd4 3. c3 d3 4. Bxd3 d6 5. Nf3 Nc6 6. O-O Nf6 7. Qe2 e5 8. h3 Be7 9. Rd1 Qc7 10. Nbd2 a6 11. Nf1 b5 12. Bg5 h6 13. Bh4 g5 14. Bg3 O-O 15. a4 b4 16. cxb4 Nxb4 17. Rac1 Qb7 18. Bb1 Be6 19. Rc3 Nd7 20. Rdc1 Nc5 21. Rxc5 dxc5 22. Bxe5 f6 23. Bc3 Na2 24. Bxa2 Bxa2 25. Ng3 Be6 26. Nd2 Kh7 27. Nf5 Bf7 28. e5 Bg6 29. exf6 Bxf6 30. Nd6 Qd7 31. N6e4 Bd4 32. Bxd4 cxd4 33. b3 Rac8 34. Rxc8 Qxc8 35. Nc5 0-1

[Event "37th Belgrade Trophy 2024"]
[Site "Belgrade"]
[Date "2024.11.25"]
[Round "3.1"]
[White "Leftheriotis, Alexandros"]
[Black "Shchekachev, Andrei"]
[Result "1-0"]
[WhiteElo "2165"]
[BlackElo "2448"]
[Annotator "TA"]
[PlyCount "61"]
[EventDate "2024.11.23"]
[EventCountry "SRB"]
[SourceTitle "playchess.com"]
[Source "ChessBase"]
[SourceQuality "1"]
[TimeControl "40/5400+30:900+30"]

{[%evp 9,60,22,24,21,29,3,12,0,14,22,44,39,36,7,30,0,0,0,0,0,0,0,0,0,0,-18,49,34,66,89,259,231,263,269,331,333,318,243,248,287,253,259,435,490,509,491,2239,1931,29993,29994,29996,29995,29999]} 1. e4 {[%emt 0:00:05]} Nc6 {[%emt 0:01:53]} 2. Nc3 {[%emt 0:01:18]} Nf6 {[%emt 0:10:14]} 3. d4 {[%emt 0:02:17]} d6 {[%emt 0:00:20]} 4. f3 {[%emt 0:05:18]} e5 {[%emt 0:08:17]} 5. Nge2 {[%emt 0:00:06]} exd4 {[%emt 0:04:30]} 6. Nxd4 {[%emt 0:00:06]} Be7 {[%emt 0:00:12]} 7. Be3 {[%emt 0:03:35]} O-O {[%emt 0:01:24]} 8. Qd2 {[%emt 0:04:51] The position is equal.} Nxd4 {[%emt 0:13:29]} 9. Bxd4 {[%emt 0:08:02]} Be6 {[%emt 0:00:54]} 10. O-O-O {[%emt 0:01:07]} c6 {[%emt 0:03:22]} 11. g4 {[%emt 0:21:20][%cal Bg2g4,Bg4g5][%mdl 32]} b5 {[%emt 0:05:32][%cal Bb7b5,Bb5b4][%mdl 32]} 12. Kb1 {[%emt 0:03:59]} b4 {[%emt 0:11:42]} 13. Ne2 {[%emt 0:00:18][%cal Oe2f4]} c5 {[%emt 0:10:04]} 14. Be3 {[%emt 0:01:43]} Qa5 {[%emt 0:02:27]} 15. b3 {[%emt 0:00:55]} d5 {[%emt 0:05:34]} 16. g5 $1 {[%emt 0:06:26]} (16. Nf4 dxe4 17. Qe1 (17. Nxe6 fxe6 18. Qe1 exf3 $17) 17... exf3 18. Nxe6 fxe6 $17) 16... d4 {[%emt 0:00:06]} 17. Bf2 {[%emt 0:00:06]} Nd7 {[%emt 0:01:38]} ({Better is} 17... Ne8 $1 $11) 18. f4 $14 {[%emt 0:01:35] [#] Threatens to win with f5.} Bg4 {[%emt 0:05:52]} 19. Rg1 {[%emt 0:03:18]} f5 {[%emt 0:00:06] A mistake that costs the game.} (19... Bh5 $16) 20. exf5 $18 {[%emt 0:02:30]} Bxf5 {[%emt 0:00:41]} 21. Ng3 {[%emt 0:01:34]} Bg4 {[%emt 0:03:47][%cal Oe7d6]} 22. Re1 {[%emt 0:21:31]} Bd6 {[%emt 0:01:14][%cal Be7d6,Bd6f4,Bf4e5][%mdl 32]} 23. h3 {[%emt 0:01:34][%cal Bh2h3,Bh3g4][%mdl 32]} Bxf4 {[%emt 0:00:48]} 24. Bc4+ {[%emt 0:00:13]} Kh8 {[%emt 0:00:08]} 25. Qd3 {[%emt 0:00:04]} Ne5 {[%emt 0:05:45] [#]} (25... Bxh3 $2 {too greedy.} 26. Rh1 Qd8 (26... Bxg5 $2 {perishes.} 27. Rxh3 h6 28. Qg6 $18) 27. Rxh3 $18) (25... Bxg5 $2 {is the wrong capture.} 26. hxg4 Qb6 (26... Rxf2 $2 27. Rh1 $18) 27. Re6 $18) (25... Be3 {is a better defense.}) 26. Rxe5 $1 {[%emt 0:00:53]} Bxe5 {[%emt 0:00:06]} 27. hxg4 {[%emt 0:00:04]} Rxf2 {[%emt 0:00:10]} (27... g6 $142 28. Rh1 Qc7) 28. Rh1 {[%emt 0:01:07][%csl Gd3][%cal Rh1h7]} g6 {[%emt 0:00:06]} 29. Qe4 {[%emt 0:00:44] White mates.} Re8 {[%emt 0:02:46]} 30. Qxg6 {[%emt 0:00:05][%csl Gh1][%cal Rg6h7]} Re7 {[%emt 0:00:09]} 31. Qg8# {[%emt 0:00:05] Weighted Error Value: White=0.07 (flawless) /Black=0.52.  Loses game:     	---       	Black=1      Mistake:       	---       	Black=3      Inaccurate:     	White=2     	Black=2      OK:         	White=9     	Black=9      Best:        	White=5     	Black=3      Strong:       	White=2     	---} 1-0

[Event "37th Belgrade Trophy 2024"]
[Site "Belgrade"]
[Date "2024.11.25"]
[Round "3.2"]
[White "Bryakin, Mikhail"]
[Black "Chelushkina, Irina"]
[Result "*"]
[WhiteElo "2435"]
[BlackElo "2141"]
[Annotator "RC"]
[PlyCount "37"]
[EventDate "2024.11.23"]
[EventCountry "SRB"]
[SourceTitle "playchess.com"]
[Source "ChessBase"]
[SourceQuality "1"]
[TimeControl "40/5400+30:900+30"]

1. Nf3 {[%emt 0:00:30]} d5 {[%emt 0:00:30]} 2. b3 {[%emt 0:00:30]} Bf5 {[%emt 0:00:30]} 3. Bb2 {[%emt 0:00:30]} Bc8 {[%emt 0:00:07]} 4. Bc1 {[%emt 0:06:25]} Bf5 {[%emt 0:02:54]} 5. Bb2 {[%emt 0:00:21]} e6 {[%emt 0:00:20]} 6. g3 {[%emt 0:01:29]} h6 {[%emt 0:00:34]} 7. Bg2 {[%emt 0:00:06]} Nf6 {[%emt 0:00:13]} 8. O-O {[%emt 0:00:20]} Be7 {[%emt 0:01:09]} 9. d3 {[%emt 0:00:19]} O-O {[%emt 0:02:11]} 10. Nbd2 {[%emt 0:00:11]} Bh7 {[%emt 0:01:48]} 11. c4 {[%emt 0:00:15]} c6 {[%emt 0:00:53]} 12. a3 {[%emt 0:00:35]} a5 {[%emt 0:00:57]} 13. Rc1 {[%emt 0:00:26]} Nbd7 {[%emt 0:02:23]} 14. Rc2 {[%emt 0:00:26]} Bd6 {[%emt 0:05:25]} 15. Qa1 {[%emt 0:02:34]} Qe7 {[%emt 0:01:00]} 16. cxd5 {[%emt 0:11:59]} cxd5 {[%emt 0:13:00]} 17. Nd4 {[%emt 0:01:25]} Rfc8 {[%emt 0:02:08]} 18. Rxc8+ {[%emt 0:03:15]} Rxc8 {[%emt 0:00:07]} 19. Rc1 {[%emt 0:00:12]} *

[Event "37th Belgrade Trophy 2024"]
[Site "Belgrade"]
[Date "2024.11.25"]
[Round "3.2"]
[White "Stanojoski, Zvonko"]
[Black "Prudnikova, Svetlana"]
[Result "1-0"]
[WhiteElo "2401"]
[BlackElo "2129"]
[Annotator "TA"]
[PlyCount "99"]
[EventDate "2024.11.23"]
[EventCountry "SRB"]
[SourceTitle "playchess.com"]
[Source "ChessBase"]
[SourceQuality "1"]
[TimeControl "40/5400+30:900+30"]

{[%evp 23,99,-33,-10,-15,-18,-8,12,16,9,20,13,6,15,10,10,1,9,9,7,0,0,3,13,9,9,9,9,9,10,0,57,0,0,0,0,0,10,16,74,0,0,0,0,0,0,0,0,0,168,167,167,167,201,198,177,177,248,247,287,243,312,320,317,323,329,315,342,285,285,278,539,551,552,534,512,498,556,547]} 1. Nf3 d5 2. b3 {[%emt 0:01:00]} Bf5 {[%emt 0:03:01]} 3. Bb2 {[%emt 0:06:16]} e6 {[%emt 0:00:20]} 4. g3 {[%emt 0:01:29]} h6 {[%emt 0:00:34]} 5. Bg2 {[%emt 0:00:06]} Nf6 {[%emt 0:00:13]} 6. O-O {[%emt 0:00:20]} Be7 {[%emt 0:01:09]} 7. d3 {[%emt 0:00:19]} O-O {[%emt 0:02:11]} 8. Nbd2 {[%emt 0:00:11]} Bh7 {[%emt 0:01:48]} 9. c4 {[%emt 0:00:15]} c6 {[%emt 0:00:53]} 10. a3 {[%emt 0:00:35]} a5 {[%emt 0:00:57]} 11. Rc1 {[%emt 0:00:26]} Nbd7 {[%emt 0:02:23]} 12. Rc2 {[%emt 0:00:26]} Bd6 {[%emt 0:05:25]} 13. Qa1 {[%emt 0:02:34]} Qe7 {[%emt 0:01:00]} 14. cxd5 {[%emt 0:11:59]} cxd5 {[%emt 0:13:00]} 15. Nd4 {[%emt 0:01:25]} Rfc8 {[%emt 0:02:08]} 16. Rxc8+ {[%emt 0:03:15]} Rxc8 {[%emt 0:00:07]} 17. Rc1 {[%emt 0:00:12]} Rc5 {[%emt 0:07:16]} 18. a4 {[%emt 0:02:33]} Qf8 {[%emt 0:02:24]} 19. Nb5 {[%emt 0:00:28]} Rxc1+ {[%emt 0:02:51]} 20. Qxc1 {[%emt 0:01:32]} Bb4 {[%emt 0:01:36]} 21. Nf3 {[%emt 0:01:12]} Qc5 {[%emt 0:06:45]} 22. Qd1 {[%emt 0:05:17]} Bg6 {[%emt 0:07:35]} 23. h3 {[%emt 0:03:09]} Nh5 {[%emt 0:06:44]} 24. Ne5 {[%emt 0:04:09]} Nxe5 {[%emt 0:03:11]} 25. Bxe5 {[%emt 0:00:07]} Qc8 {[%emt 0:10:55]} 26. Qa1 {[%emt 0:13:51]} f6 {[%emt 0:01:54]} (26... Qc2 $11) 27. Bc3 {[%emt 0:00:48]} (27. Bc7 $14) 27... Bxc3 $11 {[%emt 0:03:26]} 28. Nxc3 {[%emt 0:02:32]} Qc5 {[%emt 0:01:56]} 29. Kf1 {[%emt 0:00:25]} Be8 {[%emt 0:03:20] Prevents Nb5.} 30. Bf3 {[%emt 0:00:23][%cal Oc3b5]} f5 {[%emt 0:00:35] [#]} (30... g6 $11 {remains equal.}) 31. Bxh5 {[%emt 0:01:56]} (31. Nb5 $1 $16) 31... Bxh5 $16 {[%emt 0:00:01][%mdl 4096] Endgame KQB-KQN} 32. Nb5 {[%emt 0:00:11]} Qc2 {[%emt 0:02:09][%csl LRb3,LRe2]} 33. Nd4 {[%emt 0:01:38][%csl LRc2,LRe6]} Qd2 {[%emt 0:00:08]} 34. g4 {[%emt 0:00:22]} (34. Nxe6 $2 Qxe2+ 35. Kg1 Qxe6 $19) 34... fxg4 {[%emt 0:03:34]} 35. Nxe6 {[%emt 0:00:07][%csl Ge6][%cal Ra1g7]} Kf7 $2 {[%emt 0:00:07]} (35... d4 $1 $11 36. Qxd4 Qc1+ (36... Qd1+ $2 37. Kg2 $18) 37. Kg2 Qc6+ 38. Qe4 gxh3+ 39. Kxh3 Qxe4 40. dxe4 Bxe2) 36. hxg4 $18 {[%emt 0:03:55]} (36. Qxg7+ Kxe6 37. hxg4 Bf7 $11) (36. Nxg7 Bg6 37. hxg4 Qf4 $19) 36... Kxe6 {[%emt 0:01:44]} 37. gxh5 {[%emt 0:00:03] KQ-KQ. White is a pawn up.} Qg5 {[%emt 0:00:40][%cal Og5e5]} 38. Qc3 {[%emt 0:01:17]} Qxh5 {[%emt 0:00:37][%cal Rh5h1]} 39. Qxg7 {[%emt 0:03:46]} (39. Qxa5 $2 Qh1#) 39... Kd6 {[%emt 0:01:03]} (39... Qh1+ {might work better.} 40. Qg1 Qxg1+ 41. Kxg1 d4) 40. Ke1 {[%emt 0:00:00]} (40. Qxb7 $2 Qh1#) 40... Qh1+ {[%emt 0:00:00]} 41. Kd2 {[%emt 0:02:32]} h5 {[%emt 0:04:51][%cal Bh6h5,Bh5h4,Bh4h3,Bh3h2][%mdl 32]} 42. f4 {[%emt 0:01:17][%cal Bf2f4,Bf4f5,Bf5f6,Bf6f7][%mdl 32]} (42. Qxb7 Qa1 $16) 42... h4 {[%emt 0:04:23]} 43. Qe5+ {[%emt 0:00:31]} ({Much less strong is} 43. Qxb7 $6 Qa1 $18) 43... Kc6 {[%emt 0:01:37]} 44. f5 {[%emt 0:01:01] aiming for f6.} h3 {[%emt 0:01:09]} 45. f6 {[%emt 0:01:21] White threatens Qe6+ and mate.} Qf1 {[%emt 0:02:37]} 46. Qe8+ {[%emt 0:00:34]} Kb6 $2 {[%emt 0:04:59]} (46... Kc7) 47. f7 {[%emt 0:02:49]} h2 {[%emt 0:00:05]} 48. Qb5+ {[%emt 0:00:21]} ({Weaker is} 48. f8=R Qxf8 49. Qxf8 h1=Q 50. Qf6+ Kc7 51. Qe5+ Kc6 52. Qe6+ Kc7 53. Qe7+ Kb6 54. Qd6+ Ka7 55. Qc5+ Kb8 56. Qxa5 Qh6+ 57. Kc2 Qd6 $18) 48... Kc7 {[%emt 0:00:31] and ...Qf4+ would now be decisive} 49. Qxa5+ {[%emt 0:01:06]} Kc6 {[%emt 0:01:18]} 50. Qb5+ {[%emt 0:00:21]} 1-0